000 01606nam a22003974i 4500
999 _c63699
_d63699
001 768714001
003 CO-MdFUSB
005 20200415125522.0
007 cr cn|||||||||
008 130716t2013 sp gs 000 0 spa d
020 _a9788498309256
_qelectrónico
040 _aCO-MdFUSBC
_bspa.
_cCO-MdFUSB
_dCO-MdFUSBC
_erda
041 _aspa
082 0 4 _a210
_223
100 _aDíaz, Carlos.
_eautor
245 1 0 _aDios Padre ante el reto de la injusticia y del inconsciente
_c/ Carlos Díaz , José Antonio Estrada , Carlos Domínguez.
_h[recurso electrónico]
264 1 _aEspaña :
_bUniversidad de Deusto,
_c[2013]
264 4 _c© 2013
300 _arecurso en línea (79 páginas)
_c;
336 _2rdacontent
_atexto
_btxt
337 _2rdamedia
_ainformático
_bc
338 _2rdacarrier
_aremoto
_bcr
347 _2rda
_afichero de texto
_bhtml
490 1 _aCuadernos de Teología Deusto
505 _a¿Todas las religiones la religión?-- Creer en Dios Padre (...) -- La paternidad de Dios bajo sospecha (...)
516 _aTexto electrónico
538 _aAcceso a Internet; requiere usuario y clave asignada por la biblioteca
650 4 _aReligión
_xFilosofía.
700 1 _aEstrada, Juan Antonio.
_eautor
700 1 _aDomínguez, Carlos.
_eautor
830 _aCuadernos de Teología Deusto
_v21
856 4 0 _uhttp://site.ebrary.com/lib/unisbcsp/Doc?id=10732811
_b10732811
_zAbrir Versión electrónica del libro Dios Padre ante el reto de la injusticia y del inconsciente
942 _cBK
945 _aJTF-925